| 000 | 00637nam a22002177a 4500 | ||
|---|---|---|---|
| 005 | 20251108165937.0 | ||
| 008 | 250721s1997 xx 000 0 ara d | ||
| 082 | 1 | 4 | _aم/220/عبد |
| 100 | 1 | _aأبي عبد الله، عبدالله | |
| 245 | 1 | 0 | _aتاريخ الموارنة و مسيحي الشرق عبر العصور / |
| 264 | 1 |
_aبيروت : _bدار الملفات، _c1997. |
|
| 300 | _a6ج | ||
| 650 | 1 | 7 | _aالكنيسة |
| 650 | 1 | 7 | _aالقديسون |
| 650 | 1 | 7 | _aالأسقافة |
| 650 | 1 | 7 | _aالمطارنة |
| 650 | 1 | 7 | _aالمرانة |
| 650 | 1 | 7 | _aالرهبانة |
| 942 |
_2ddc _cREF |
||
| 999 |
_c35481 _d35481 |
||